Statistiche per Dove giocava nel 2010-2011? - Quiz n°31

Clicka qui per fare il quiz!

Statistiche generali

  • Questo quiz è stato fatto 22 volte
  • Il punteggio medio è 7 su 10

Statistiche sulle risposte

HintRisposta% Corretto
José María CallejónEspanyol
89%
Marco VerrattiPescara
89%
Francesco TavanoLivorno
83%
Marc BartraBarcellona
72%
Mattia DestroGenoa
72%
Paolo De CeglieJuventus
72%
Pierre-Emerick AubameyangMonaco
72%
Dries MertensUtrecht
72%
Stefano OkakaRoma
61%
Patrice EvraManchester United
50%

Distribuzione punteggi

Percentile per numero di risposta

Percentuale di utenti per punteggio

I tuoi punteggi nel tempo

Non hai fatto questo quiz